000 00369nam a22001697a 4500
003 OSt
005 20211014125001.0
008 211014b |||||||| |||| 00| 0 eng d
020 _a013141491
040 _cHU
082 _a304.2/KNO
100 _aPAULL.KNOX
_913667
245 _aHUMAN GEOGRAPHY
260 _aAMERICA
_bKNO
300 _a526
942 _2ddc
_cBOOKS
_n0
999 _c12766
_d12766